| 000 | 00431nam a22001577a 4500 | ||
|---|---|---|---|
| 020 | _a9789339213237 | ||
| 082 |
_a660.2842 _bMCC/UN |
||
| 100 |
_aMcCabe,Warren. L _91238 |
||
| 100 |
_aSmith,Julian. C. _91239 |
||
| 100 |
_aHarriott,Peter _91240 |
||
| 245 | _aUnit Operations of Chemical Engineering | ||
| 250 | _a7 th | ||
| 260 |
_aNew Delhi _bMcGraw Hill Education (India) Private Limmited _c2015 |
||
| 300 | _a1140 | ||
| 942 | _cBBS | ||
| 999 |
_c14708 _d14708 |
||